[Event "3MCR_4D_1L_1S"]
[Site "?"]
[Date "1999.??.??"]
[Round "1"]
[White "Leiner, Rainmund"]
[Black "Valtera, Jiri"]
[Result "1/2-1/2"]
[WhiteElo "2225"]
[BlackElo "2340"]
[PlyCount "42"]
[EventDate "1999.??.??"]
[EventType "corr"]

1. e4 e6 2. d4 d5 3. Nc3 dxe4 4. Nxe4 Nd7 5. Nf3 Ngf6 6. Nxf6+ Nxf6 7. Bd3 c5
8. dxc5 Bxc5 9. Bg5 Qb6 10. O-O Qxb2 11. Qe2 a6 12. Rfb1 Qc3 13. Bd2 Qa3 14.
Rb3 Qa4 15. c4 Ng4 16. Ng5 Nxf2 17. Bc2 Nh3+ 18. Kh1 Nf2+ 19. Kg1 Nh3+ 20. Kh1
Nf2+ 21. Kg1 Nh3+ 1/2-1/2

[Event "3MCR_4D_1L_1S"]
[Site "?"]
[Date "1999.??.??"]
[Round "1"]
[White "Sekanina, Jiri"]
[Black "Chytilek, Roman"]
[Result "1/2-1/2"]
[WhiteElo "2355"]
[BlackElo "2275"]
[PlyCount "56"]
[EventDate "1999.??.??"]
[EventType "corr"]

1. c4 b6 2. d4 Bb7 3. Nc3 e6 4. a3 f5 5. d5 Nf6 6. g3 Bc5 7. Bg2 O-O 8. Nh3 a5
9. O-O Na6 10. Qc2 Bd6 11. e4 Nc5 12. dxe6 Nfxe4 13. exd7 Nxc3 14. Bxb7 Nxb7
15. Qxc3 Qxd7 16. Qf3 Nc5 17. Bf4 Bxf4 18. Nxf4 Qf7 19. Qc6 Qxc4 20. Qxc7 Qb3
21. Rae1 Qxb2 22. Re2 Qf6 23. Re7 Rae8 24. Rfe1 Ne4 25. Rd7 Kh8 26. Rb1 Ng5 27.
Rxb6 Qa1+ 28. Kg2 Qxa3 1/2-1/2

[Event "3MCR_4D_1L_1S"]
[Site "?"]
[Date "1999.??.??"]
[Round "1"]
[White "Nemec, Jaroslav"]
[Black "Vagenknecht, Ludek"]
[Result "1-0"]
[WhiteElo "2310"]
[BlackElo "2235"]
[PlyCount "61"]
[EventDate "1999.??.??"]
[EventType "corr"]

1. e4 c6 2. d4 d5 3. Nc3 dxe4 4. Nxe4 Nd7 5. Ng5 Ngf6 6. Bd3 e6 7. N1f3 Bd6 8.
Qe2 h6 9. Ne4 Nxe4 10. Qxe4 c5 11. Bd2 Qc7 12. O-O c4 13. Be2 Nf6 14. Qh4 Nd5
15. Ne5 Bxe5 16. dxe5 c3 17. bxc3 Bd7 18. Qg3 g6 19. c4 Ne7 20. Qa3 Nc6 21. Bc3
O-O-O 22. Rad1 Kb8 23. f4 Bc8 24. Rd6 Rhg8 25. Bf3 Rxd6 26. exd6 Qb6+ 27. c5
Qb5 28. Re1 Nd8 29. Bf6 Bd7 30. c4 Qxc4 31. Qa5 1-0

[Event "3MCR_4D_1L_1S"]
[Site "?"]
[Date "1999.??.??"]
[Round "1"]
[White "Smalcl, Frantisek"]
[Black "Dufek, Jiri"]
[Result "1/2-1/2"]
[WhiteElo "2490"]
[BlackElo "2360"]
[PlyCount "60"]
[EventDate "1999.??.??"]
[EventType "corr"]

1. d4 d5 2. c4 c6 3. Nc3 Nf6 4. Nf3 e6 5. Bg5 h6 6. Bh4 dxc4 7. e4 b5 8. e5 g5
9. Nxg5 hxg5 10. Bxg5 Nbd7 11. exf6 Bb7 12. g3 c5 13. d5 Qb6 14. Bg2 O-O-O 15.
O-O b4 16. Na4 Qb5 17. a3 exd5 18. axb4 d4 19. Bxb7+ Kxb7 20. Qf3+ Qc6 21.
Nxc5+ Bxc5 22. Qxc6+ Kxc6 23. bxc5 Nxc5 24. Rxa7 Rd7 25. Rxd7 Nxd7 26. Re1 Rb8
27. Re4 Rb5 28. h4 Kd5 29. Re7 Ne5 30. Bf4 Nd3 1/2-1/2

[Event "3MCR_4D_1L_1S"]
[Site "?"]
[Date "1999.??.??"]
[Round "1"]
[White "Vagenknecht, Ludek"]
[Black "Orsag, Milan"]
[Result "0-1"]
[WhiteElo "2235"]
[BlackElo "2380"]
[PlyCount "50"]
[EventDate "1999.??.??"]
[EventType "corr"]

1. e4 c5 2. Nf3 e6 3. d4 cxd4 4. Nxd4 Nf6 5. Nc3 d6 6. Bc4 a6 7. Bb3 Nbd7 8. f4
Nc5 9. f5 Be7 10. O-O O-O 11. fxe6 fxe6 12. Nf5 b5 13. Bg5 b4 14. Nxe7+ Qxe7
15. Bxf6 gxf6 16. Nb1 Bb7 17. Nd2 Kh8 18. Qe2 Rf7 19. Rf2 Rg8 20. Bc4 f5 21.
exf5 Rxf5 22. Nf3 Qg7 23. Bd3 Rf7 24. Rb1 Rgf8 25. Rbf1 Qxb2 0-1

[Event "3MCR_4D_1L_1S"]
[Site "?"]
[Date "1999.??.??"]
[Round "1"]
[White "Leiner, Rainmund"]
[Black "Jandovsky, Viktor"]
[Result "1-0"]
[WhiteElo "2225"]
[BlackElo "2285"]
[PlyCount "51"]
[EventDate "1999.??.??"]
[EventType "corr"]

1. e4 c5 2. Nf3 Nc6 3. d4 cxd4 4. Nxd4 Nf6 5. Nc3 d6 6. Bc4 e6 7. Be3 Be7 8.
Qe2 a6 9. Bb3 Qc7 10. O-O-O O-O 11. Rhg1 Nd7 12. g4 Nc5 13. g5 Bd7 14. Rg3 Rfc8
15. Qh5 g6 16. Qh6 Bf8 17. Qh4 Nxd4 18. Rxd4 b5 19. e5 Nxb3+ 20. axb3 dxe5 21.
Rh3 h5 22. gxh6 Kh7 23. Qf6 Bc6 24. Rf4 Be8 25. Rff3 Qe7 26. Ne4 1-0

[Event "3MCR_4D_1L_1S"]
[Site "?"]
[Date "1999.??.??"]
[Round "1"]
[White "Dolezel, Jiri"]
[Black "Jandovsky, Viktor"]
[Result "1/2-1/2"]
[WhiteElo "2415"]
[BlackElo "2285"]
[PlyCount "50"]
[EventDate "1999.??.??"]
[EventType "corr"]

1. e4 c5 2. Nf3 Nc6 3. d4 cxd4 4. Nxd4 Nf6 5. Nc3 d6 6. Bg5 e6 7. Qd2 a6 8.
O-O-O Bd7 9. f4 b5 10. Bxf6 gxf6 11. Kb1 Qb6 12. Nce2 Rc8 13. g3 h5 14. Bg2 Na5
15. b3 Nc6 16. c3 a5 17. h3 b4 18. Nxc6 Bxc6 19. cxb4 axb4 20. Qd4 Qb5 21. Rd2
e5 22. Qe3 Qc5 23. Qd3 Qb5 24. Qe3 Qc5 25. Qd3 Qb5 1/2-1/2

[Event "3MCR_4D_1L_1S"]
[Site "?"]
[Date "1999.??.??"]
[Round "1"]
[White "Jandovsky, Viktor"]
[Black "Hlavac, Rudolf"]
[Result "1/2-1/2"]
[WhiteElo "2285"]
[BlackElo "2300"]
[PlyCount "57"]
[EventDate "1999.??.??"]
[EventType "corr"]

1. e4 c5 2. Nf3 Nc6 3. d4 cxd4 4. Nxd4 Nf6 5. Nc3 e5 6. Ndb5 d6 7. Bg5 a6 8.
Na3 b5 9. Bxf6 gxf6 10. Nd5 f5 11. c3 Bg7 12. exf5 Bxf5 13. Nc2 Ne7 14. Nce3
Be6 15. g3 Nxd5 16. Nxd5 O-O 17. Bg2 a5 18. O-O Rb8 19. Qd2 f5 20. Rfe1 Kh8 21.
Rad1 Qd7 22. Qe3 Qf7 23. Rd2 f4 24. gxf4 Bh6 25. Qd3 Qh5 26. Re3 Bf5 27. Qe2
Bg4 28. Qd3 Bf5 29. Qe2 1/2-1/2

[Event "3MCR_4D_1L_1S"]
[Site "?"]
[Date "1999.??.??"]
[Round "1"]
[White "Sekanina, Jiri"]
[Black "Jandovsky, Viktor"]
[Result "1/2-1/2"]
[WhiteElo "2355"]
[BlackElo "2285"]
[PlyCount "63"]
[EventDate "1999.??.??"]
[EventType "corr"]

1. c4 g6 2. Nc3 Bg7 3. Nf3 Nf6 4. g3 O-O 5. Bg2 d6 6. d4 Nbd7 7. O-O e5 8. e4
exd4 9. Nxd4 Re8 10. h3 Nc5 11. Re1 Bd7 12. b4 Ne6 13. Nb3 Ng4 14. Bb2 Ne5 15.
Qe2 Nc6 16. Nd5 Ned4 17. Nxd4 Nxd4 18. Qd2 c5 19. Re3 Be6 20. Rae1 Qd7 21. Kh2
Rab8 22. f4 b5 23. cxb5 Rxb5 24. Bc3 Rbb8 25. bxc5 dxc5 26. Rd3 Bxd5 27. exd5
Rxe1 28. Qxe1 Re8 29. Re3 Rxe3 30. Qxe3 h5 31. Qe4 Bf6 32. h4 1/2-1/2

[Event "3MCR_4D_1L_1S"]
[Site "?"]
[Date "1999.??.??"]
[Round "1"]
[White "Hlavac, Rudolf"]
[Black "Smalcl, Frantisek"]
[Result "1/2-1/2"]
[WhiteElo "2300"]
[BlackElo "2490"]
[PlyCount "61"]
[EventDate "1999.??.??"]
[EventType "corr"]

1. e4 e5 2. Nf3 Nc6 3. d4 exd4 4. Nxd4 Bc5 5. Be3 Qf6 6. c3 Nge7 7. g3 d5 8.
Bg2 Nxd4 9. cxd4 Bb4+ 10. Nc3 Bxc3+ 11. bxc3 dxe4 12. Bxe4 c6 13. O-O O-O 14.
a4 Bf5 15. Bg2 Rad8 16. Qb3 Rd7 17. c4 Rfd8 18. h3 Qg6 19. Rfe1 h5 20. a5 Be6
21. Rad1 b5 22. axb6 axb6 23. Qb4 b5 24. cxb5 Nd5 25. Qc5 cxb5 26. Qxb5 Nc3 27.
Qd3 Nxd1 28. Qxg6 fxg6 29. Rxd1 Bd5 30. Bxd5+ Rxd5 31. h4 1/2-1/2

[Event "3MCR_4D_1L_1S"]
[Site "?"]
[Date "1999.??.??"]
[Round "1"]
[White "Dolezel, Jiri"]
[Black "Smalcl, Frantisek"]
[Result "1/2-1/2"]
[WhiteElo "2415"]
[BlackElo "2490"]
[PlyCount "75"]
[EventDate "1999.??.??"]
[EventType "corr"]

1. e4 e5 2. Nf3 Nc6 3. Bb5 a6 4. Ba4 Nf6 5. O-O Be7 6. Re1 b5 7. Bb3 O-O 8. c3
d6 9. h3 Bb7 10. d4 Re8 11. Nbd2 Bf8 12. a4 h6 13. Bc2 exd4 14. cxd4 Nb4 15.
Bb1 c5 16. d5 Nd7 17. Ra3 c4 18. axb5 axb5 19. Nd4 Rxa3 20. bxa3 Nd3 21. Bxd3
cxd3 22. Bb2 Qa5 23. Nf5 g6 24. Ne3 Ne5 25. Nb3 Qa4 26. Bxe5 Rxe5 27. Ng4 Re7
28. e5 Bg7 29. exd6 Rxe1+ 30. Qxe1 Qxb3 31. Qe8+ Kh7 32. Qxf7 Bxd5 33. Nf6+ Kh8
34. Qxd5 Qb1+ 35. Kh2 Bxf6 36. d7 h5 37. d8=Q+ Bxd8 38. Qxd8+ 1/2-1/2

[Event "3MCR_4D_1L_1S"]
[Site "?"]
[Date "1999.??.??"]
[Round "1"]
[White "Dufek, Jiri"]
[Black "Leiner, Rainmund"]
[Result "1-0"]
[WhiteElo "2360"]
[BlackElo "2225"]
[PlyCount "63"]
[EventDate "1999.??.??"]
[EventType "corr"]

1. e4 e5 2. Nf3 Nc6 3. Bb5 a6 4. Ba4 Nf6 5. O-O Nxe4 6. d4 b5 7. Bb3 d5 8. dxe5
Be6 9. Nbd2 Nc5 10. c3 Be7 11. Bc2 Bg4 12. Re1 O-O 13. Nb3 Re8 14. Nxc5 Bxc5
15. Bf4 Bh5 16. b4 Bb6 17. a4 Rb8 18. Bf5 g6 19. g4 gxf5 20. gxh5 d4 21. Bg5
Qd7 22. Qd2 h6 23. Bxh6 Kh7 24. Bf4 bxa4 25. Ng5+ Kh8 26. c4 Re7 27. Rxa4 Qe8
28. Nf3 Qg8+ 29. Bg3 Qh7 30. c5 Qxh5 31. Qf4 Ba7 32. Rxa6 1-0

[Event "3MCR_4D_1L_1S"]
[Site "?"]
[Date "1999.??.??"]
[Round "1"]
[White "Nemec, Jaroslav"]
[Black "Orsag, Milan"]
[Result "1-0"]
[WhiteElo "2310"]
[BlackElo "2380"]
[PlyCount "65"]
[EventDate "1999.??.??"]
[EventType "corr"]

1. e4 c5 2. Nf3 e6 3. d4 cxd4 4. Nxd4 Nf6 5. Nc3 d6 6. g4 Nc6 7. g5 Nd7 8. Be3
Be7 9. h4 O-O 10. Qd2 a6 11. O-O-O Nxd4 12. Qxd4 b5 13. f4 Qa5 14. Kb1 b4 15.
Ne2 e5 16. Qd2 Nc5 17. Bg2 Be6 18. Nc1 exf4 19. Bxf4 Rfd8 20. h5 Rac8 21. Bf3
Qb6 22. Qh2 Bf8 23. g6 Qc7 24. Rhg1 a5 25. e5 d5 26. gxh7+ Kxh7 27. Ne2 a4 28.
Nd4 b3 29. a3 bxc2+ 30. Qxc2+ Kh8 31. Qg2 Rd7 32. Rc1 Qb8 33. Rxc5 1-0

[Event "3MCR_4D_1L_1S"]
[Site "?"]
[Date "1999.??.??"]
[Round "1"]
[White "Valtera, Jiri"]
[Black "Vagenknecht, Ludek"]
[Result "1/2-1/2"]
[WhiteElo "2340"]
[BlackElo "2235"]
[PlyCount "52"]
[EventDate "1999.??.??"]
[EventType "corr"]

1. d4 Nf6 2. c4 g6 3. Nc3 d5 4. Nf3 Bg7 5. Qa4+ Bd7 6. Qb3 dxc4 7. Qxc4 O-O 8.
e4 b5 9. Qb3 c5 10. dxc5 Na6 11. e5 Ng4 12. Bxb5 Nxc5 13. Qc4 Rc8 14. O-O Nxe5
15. Nxe5 Bxe5 16. Bh6 Bg7 17. Bxg7 Kxg7 18. Rad1 Bxb5 19. Qxb5 Qc7 20. b4 Ne6
21. Nd5 Qc4 22. Qa5 Rfd8 23. Rfe1 Rd7 24. Ne3 Qc3 25. Nd5 Qb2 26. Qb5 Rdd8
1/2-1/2

[Event "3MCR_4D_1L_1S"]
[Site "?"]
[Date "1999.??.??"]
[Round "1"]
[White "Jandovsky, Viktor"]
[Black "Chytilek, Roman"]
[Result "1/2-1/2"]
[WhiteElo "2285"]
[BlackElo "2275"]
[PlyCount "72"]
[EventDate "1999.??.??"]
[EventType "corr"]

1. e4 c5 2. Nf3 d6 3. d4 cxd4 4. Nxd4 Nf6 5. Nc3 e6 6. Be2 Be7 7. O-O a6 8. a4
O-O 9. f4 Qc7 10. Kh1 Nc6 11. Be3 Rd8 12. Bd3 Nd7 13. Qf3 Nb4 14. Qg3 b6 15. f5
e5 16. Bh6 Bf6 17. Ne6 fxe6 18. fxe6 Nc5 19. Rxf6 Bxe6 20. Raf1 Rf8 21. Rxf8+
Rxf8 22. Rxf8+ Kxf8 23. Be3 Kg8 24. Bg1 h6 25. Qe3 Qc6 26. Qe2 Nbxd3 27. cxd3
Bb3 28. d4 Nxa4 29. Nxa4 Qxa4 30. dxe5 dxe5 31. Bxb6 Bc2 32. h3 Bxe4 33. Bc7
Qd4 34. Kh2 Kh7 35. Bb6 Qd5 36. Bc7 Qd4 1/2-1/2

[Event "3MCR_4D_1L_1S"]
[Site "?"]
[Date "1999.??.??"]
[Round "1"]
[White "Dufek, Jiri"]
[Black "Chytilek, Roman"]
[Result "1-0"]
[WhiteElo "2360"]
[BlackElo "2275"]
[PlyCount "74"]
[EventDate "1999.??.??"]
[EventType "corr"]

1. e4 c5 2. Nf3 d6 3. d4 cxd4 4. Nxd4 Nf6 5. Nc3 e6 6. f4 a6 7. Be2 Qc7 8. O-O
Be7 9. Be3 Nbd7 10. g4 h6 11. Qe1 b5 12. g5 hxg5 13. fxg5 d5 14. Qf2 Bd6 15.
gxf6 Bxh2+ 16. Kg2 Nxf6 17. Rh1 Rh7 18. e5 Bxe5 19. Rxh7 Nxh7 20. Rh1 Nf8 21.
Rh8 Rb8 22. Ncxb5 axb5 23. Bxb5+ Rxb5 24. Nxb5 Qc4 25. Bd4 Bb7 26. Bxe5 Qe4+
27. Kf1 Qxe5 28. Qc5 Qf4+ 29. Ke2 Qg4+ 30. Kd2 Qg5+ 31. Kc3 d4+ 32. Kb4 Qxc5+
33. Kxc5 Ke7 34. Nxd4 Nd7+ 35. Kb5 Be4 36. c4 Kd6 37. b4 e5 1-0

[Event "3MCR_4D_1L_1S"]
[Site "?"]
[Date "1999.??.??"]
[Round "1"]
[White "Orsag, Milan"]
[Black "Chytilek, Roman"]
[Result "0-1"]
[WhiteElo "2380"]
[BlackElo "2275"]
[PlyCount "74"]
[EventDate "1999.??.??"]
[EventType "corr"]

1. d4 Nf6 2. c4 c5 3. d5 b5 4. Nf3 g6 5. cxb5 a6 6. Qc2 Bg7 7. e4 O-O 8. Nc3
Bb7 9. a4 e6 10. Bg5 exd5 11. Nxd5 Bxd5 12. exd5 Qe7+ 13. Be2 axb5 14. O-O bxa4
15. Bb5 Qe4 16. Bd3 Qb4 17. Bd2 Qb6 18. Bc4 d6 19. Bc3 Qb7 20. Rfd1 Nbd7 21.
Rxa4 Rxa4 22. Qxa4 Nb6 23. Qb5 Rb8 24. b3 Ne4 25. Be1 Nxc4 26. Qxb7 Rxb7 27.
bxc4 Rb2 28. Ra1 Rc2 29. Ra8+ Bf8 30. Ra4 Bh6 31. g3 Kg7 32. h4 Kf6 33. Kf1 Bc1
34. Kg1 h5 35. Kf1 Kf5 36. Ra7 f6 37. Ra4 Bh6 0-1

[Event "3MCR_4D_1L_1S"]
[Site "?"]
[Date "1999.??.??"]
[Round "1"]
[White "Sekanina, Jiri"]
[Black "Hlavac, Rudolf"]
[Result "1/2-1/2"]
[WhiteElo "2355"]
[BlackElo "2300"]
[PlyCount "59"]
[EventDate "1999.??.??"]
[EventType "corr"]

1. c4 e5 2. Nc3 Nf6 3. Nf3 Nc6 4. g3 d5 5. cxd5 Nxd5 6. Bg2 Nb6 7. O-O Be7 8.
a3 O-O 9. b4 Be6 10. d3 a5 11. b5 Nd4 12. Nd2 c6 13. bxc6 Nxc6 14. Nf3 a4 15.
Be3 Nd5 16. Nxd5 Bxd5 17. Qb1 Qd7 18. Rc1 f6 19. Bc5 b5 20. Bxe7 Nxe7 21. Rc5
Bc6 22. Qa2+ Kh8 23. Rac1 Rac8 24. Qd2 Rfd8 25. Qb4 h6 26. h4 Bb7 27. Nh2 Rxc5
28. Rxc5 Bc6 29. Qc3 Qd6 30. Qc1 1/2-1/2

[Event "3MCR_4D_1L_1S"]
[Site "?"]
[Date "1999.??.??"]
[Round "1"]
[White "Talla, Vladimir"]
[Black "Orsag, Milan"]
[Result "1-0"]
[WhiteElo "2310"]
[BlackElo "2380"]
[PlyCount "61"]
[EventDate "1999.??.??"]
[EventType "corr"]

1. e4 c5 2. Nf3 e6 3. d4 cxd4 4. Nxd4 Nf6 5. Nc3 d6 6. Be2 Be7 7. O-O O-O 8. f4
a6 9. Be3 Nc6 10. a4 Qc7 11. Kh1 Re8 12. Bf3 Rb8 13. g4 Nd7 14. g5 b6 15. Bg2
Bb7 16. Qh5 Bf8 17. Rf3 g6 18. Qh4 Nxd4 19. Bxd4 e5 20. fxe5 Nxe5 21. Rh3 h5
22. gxh6 Kh7 23. Rf1 Bc6 24. Rf6 Rb7 25. Qf4 b5 26. axb5 axb5 27. Nd5 Bxd5 28.
exd5 Re7 29. Be4 Qa5 30. Qf1 Qb4 31. Rh4 1-0

[Event "3MCR_4D_1L_1S"]
[Site "?"]
[Date "1999.??.??"]
[Round "1"]
[White "Dolezel, Jiri"]
[Black "Nemec, Jaroslav"]
[Result "1-0"]
[WhiteElo "2415"]
[BlackElo "2310"]
[PlyCount "69"]
[EventDate "1999.??.??"]
[EventType "corr"]

1. e4 e5 2. Nf3 Nf6 3. Nxe5 d6 4. Nf3 Nxe4 5. d4 d5 6. Bd3 Nc6 7. O-O Bg4 8. c4
Nf6 9. cxd5 Nxd5 10. Re1+ Be7 11. Nc3 O-O 12. h3 Be6 13. a3 Bf6 14. Be4 h6 15.
Bc2 Nde7 16. Be3 Re8 17. Qd3 Bf5 18. Ne4 Bxe4 19. Qxe4 Ng6 20. Qg4 Nce7 21. Re2
Qc8 22. Qh5 Qd7 23. Rae1 Rad8 24. Ne5 Qd5 25. Qg4 Bxe5 26. dxe5 b6 27. f4 Qc6
28. Bc1 Qc4 29. b3 Qc3 30. Kh2 Nd5 31. Bxg6 fxg6 32. Qxg6 Ne7 33. Qe6+ Kf8 34.
Qg4 Qd3 35. f5 1-0

[Event "3MCR_4D_1L_1S"]
[Site "?"]
[Date "1999.??.??"]
[Round "1"]
[White "Lexa, Vaclav"]
[Black "Dolezel, Jiri"]
[Result "1-0"]
[WhiteElo "2365"]
[BlackElo "2415"]
[PlyCount "75"]
[EventDate "1999.??.??"]
[EventType "corr"]

1. d4 Nf6 2. c4 g6 3. Nc3 Bg7 4. e4 d6 5. Nf3 O-O 6. Be2 e5 7. O-O Nc6 8. d5
Ne7 9. Nd2 a5 10. a3 Nd7 11. Rb1 f5 12. b4 Kh8 13. f3 Ng8 14. Qc2 Ngf6 15. Bd3
f4 16. Nb5 b6 17. Bb2 Rg8 18. Be2 Bf8 19. Nb3 g5 20. bxa5 g4 21. axb6 cxb6 22.
fxg4 Nxg4 23. Bxg4 Rxg4 24. Kh1 Nf6 25. Nd2 Rg7 26. Nf3 Qe8 27. a4 Qg6 28. Nxd6
Bxd6 29. Nxe5 Qh6 30. Bd4 Ra6 31. a5 Rxa5 32. Rxb6 Ra6 33. Qb2 Kg8 34. Rb8 Rc7
35. Rxc8+ Rxc8 36. Qb7 Rf8 37. Qxa6 Nxe4 38. c5 1-0

[Event "3MCR_4D_1L_1S"]
[Site "?"]
[Date "1999.??.??"]
[Round "1"]
[White "Vagenknecht, Ludek"]
[Black "Sekanina, Jiri"]
[Result "1-0"]
[WhiteElo "2235"]
[BlackElo "2355"]
[PlyCount "85"]
[EventDate "1999.??.??"]
[EventType "corr"]

1. e4 c5 2. Nf3 Nc6 3. d4 cxd4 4. Nxd4 Nf6 5. Nc3 e5 6. Ndb5 d6 7. Bg5 a6 8.
Na3 b5 9. Bxf6 gxf6 10. Nd5 Bg7 11. Bd3 Ne7 12. Nxe7 Qxe7 13. c3 f5 14. Nc2 Qb7
15. Qf3 O-O 16. Ne3 f4 17. Nd5 Be6 18. g4 b4 19. c4 Bxd5 20. cxd5 Bf6 21. g5
Bd8 22. Bf1 Kh8 23. Bh3 Rg8 24. Rg1 Bxg5 25. Qh5 b3 26. a3 Bf6 27. Rxg8+ Rxg8
28. Bf5 Rg1+ 29. Kd2 Rg7 30. Rc1 Qb6 31. Rc8+ Bd8 32. Kc3 a5 33. Qh4 Qd4+ 34.
Kxb3 Qd3+ 35. Ka2 Qc4+ 36. Rxc4 Bxh4 37. f3 Rg2 38. Rc6 Rf2 39. Rxd6 Kg7 40.
Bg4 Rxh2 41. Rd7 Kf6 42. Ra7 Be1 43. d6 1-0

[Event "3MCR_4D_1L_1S"]
[Site "?"]
[Date "1999.??.??"]
[Round "1"]
[White "Lexa, Vaclav"]
[Black "Talla, Vladimir"]
[Result "1-0"]
[WhiteElo "2365"]
[BlackElo "2310"]
[PlyCount "75"]
[EventDate "1999.??.??"]
[EventType "corr"]

1. d4 d5 2. c4 dxc4 3. e4 Nf6 4. e5 Nd5 5. Bxc4 Nb6 6. Bb3 Nc6 7. Ne2 Bf5 8.
Nbc3 e6 9. O-O Qd7 10. a3 Be7 11. Be3 O-O-O 12. Rc1 Na5 13. Ba2 Nac4 14. Ng3
Bg6 15. Qe2 Nxe3 16. fxe3 Kb8 17. Nge4 Nd5 18. Nc5 Bxc5 19. Nxd5 exd5 20. Rxc5
Be4 21. Bb1 Bxb1 22. Rxb1 f6 23. exf6 gxf6 24. Rbc1 c6 25. b4 Rc8 26. Qf3 b6
27. R5c3 Qd6 28. Qf5 Rhe8 29. Qc2 Qd7 30. a4 f5 31. a5 Kb7 32. a6+ Kb8 33. Rxc6
Rxc6 34. Qxc6 Qxc6 35. Rxc6 Rxe3 36. Rh6 Re4 37. Rxh7 Rxd4 38. Rb7+ 1-0

[Event "3MCR_4D_1L_1S"]
[Site "?"]
[Date "1999.??.??"]
[Round "1"]
[White "Jandovsky, Viktor"]
[Black "Hostinsky, Jiri"]
[Result "0-1"]
[WhiteElo "2285"]
[BlackElo "2450"]
[PlyCount "66"]
[EventDate "1999.??.??"]
[EventType "corr"]

1. e4 c5 2. Nf3 Nc6 3. d4 cxd4 4. Nxd4 Nf6 5. Nc3 d6 6. Bg5 Bd7 7. Qd2 Rc8 8.
O-O-O Nxd4 9. Qxd4 Qa5 10. f4 e6 11. Kb1 Qc5 12. Bxf6 gxf6 13. Qxf6 Rg8 14. Qd4
Qxd4 15. Rxd4 Ke7 16. Rd2 Rc5 17. g3 h5 18. Bd3 h4 19. Ne2 Rh5 20. Rg1 hxg3 21.
hxg3 Rh2 22. Rdd1 Bc6 23. Rde1 Bg7 24. c3 Rgh8 25. Kc1 e5 26. Rgf1 R8h3 27.
fxe5 dxe5 28. Rf3 Bh6+ 29. Kd1 f6 30. Ref1 Bg5 31. Ke1 Bd7 32. R3f2 Bg4 33. Ng1
Rxf2 0-1

[Event "3MCR_4D_1L_1S"]
[Site "?"]
[Date "1999.??.??"]
[Round "1"]
[White "Smalcl, Frantisek"]
[Black "Orsag, Milan"]
[Result "1/2-1/2"]
[WhiteElo "2490"]
[BlackElo "2380"]
[PlyCount "67"]
[EventDate "1999.??.??"]
[EventType "corr"]

1. d4 Nf6 2. c4 e6 3. Nf3 Bb4+ 4. Bd2 Qe7 5. g3 Nc6 6. Nc3 Bxc3 7. Bxc3 Ne4 8.
Rc1 O-O 9. Bg2 d6 10. d5 Nxc3 11. Rxc3 Nb8 12. dxe6 fxe6 13. O-O Nd7 14. Nd4
Nf6 15. Nc2 c6 16. e4 e5 17. Ne3 Be6 18. b3 Ne8 19. Rd3 Qc7 20. f4 Qb6 21. Kh1
Qc5 22. f5 Bf7 23. Qd2 a5 24. Bf3 b5 25. cxb5 Qxb5 26. Rc1 a4 27. b4 a3 28. Nc2
Ra4 29. Rxa3 Rxa3 30. Nxa3 Qa6 31. Qc3 d5 32. b5 cxb5 33. exd5 Nf6 34. d6
1/2-1/2

[Event "3MCR_4D_1L_1S"]
[Site "?"]
[Date "1999.??.??"]
[Round "1"]
[White "Smalcl, Frantisek"]
[Black "Nemec, Jaroslav"]
[Result "1-0"]
[WhiteElo "2490"]
[BlackElo "2310"]
[PlyCount "85"]
[EventDate "1999.??.??"]
[EventType "corr"]

1. d4 Nf6 2. c4 e6 3. Nf3 d5 4. Nc3 Be7 5. Bg5 h6 6. Bh4 O-O 7. e3 b6 8. Be2
Bb7 9. Bxf6 Bxf6 10. cxd5 exd5 11. b4 c6 12. O-O a5 13. b5 c5 14. Rc1 Nd7 15.
dxc5 Nxc5 16. Nd4 Rc8 17. Bg4 Rc7 18. Na4 Ne4 19. Nc6 Bxc6 20. bxc6 b5 21. Nb6
Nc3 22. Rxc3 Bxc3 23. Qxd5 b4 24. Qc5 Qe7 25. Qc4 Be5 26. Nd5 Qh4 27. h3 h5 28.
Nxc7 Bxc7 29. Be6 Qxc4 30. Bxc4 Rd8 31. Rc1 Rd2 32. Kf1 Kf8 33. Ke1 Rd6 34. Bb3
h4 35. Ke2 f6 36. e4 Ke7 37. Rc5 Rd4 38. Bd5 Kd6 39. Rb5 g6 40. Rb7 g5 41. Ra7
b3 42. axb3 Rb4 43. g3 1-0

[Event "3MCR_4D_1L_1S"]
[Site "?"]
[Date "1999.??.??"]
[Round "1"]
[White "Vagenknecht, Ludek"]
[Black "Dufek, Jiri"]
[Result "1/2-1/2"]
[WhiteElo "2235"]
[BlackElo "2360"]
[PlyCount "68"]
[EventDate "1999.??.??"]
[EventType "corr"]

1. e4 e5 2. Nf3 Nc6 3. Bb5 a6 4. Ba4 Nf6 5. d4 exd4 6. O-O Be7 7. e5 Ne4 8.
Nxd4 O-O 9. Nf5 d5 10. Bxc6 bxc6 11. Nxe7+ Qxe7 12. Re1 Re8 13. f3 Nd6 14. b3
f6 15. Bb2 Nf7 16. f4 fxe5 17. fxe5 Bf5 18. Nd2 Rad8 19. Nf3 c5 20. Bc1 Be4 21.
Bf4 Qe6 22. Ng5 Nxg5 23. Bxg5 Rd7 24. Bf4 Rf7 25. Bg3 Ref8 26. Qd2 Qg4 27. Rf1
Rxf1+ 28. Rxf1 Rxf1+ 29. Kxf1 h5 30. e6 Qxe6 31. c3 c6 32. Bf2 c4 33. b4 Qg4
34. Bd4 Kh7 1/2-1/2

[Event "3MCR_4D_1L_1S"]
[Site "?"]
[Date "1999.??.??"]
[Round "1"]
[White "Vagenknecht, Ludek"]
[Black "Dolezel, Jiri"]
[Result "1/2-1/2"]
[WhiteElo "2235"]
[BlackElo "2415"]
[PlyCount "69"]
[EventDate "1999.??.??"]
[EventType "corr"]

1. e4 e5 2. Nf3 Nc6 3. Bb5 a6 4. Ba4 Nf6 5. d4 exd4 6. O-O Be7 7. e5 Ne4 8.
Nxd4 Nxd4 9. Qxd4 Nc5 10. Nc3 O-O 11. Bg5 Bxg5 12. Qxc5 Be7 13. Qe3 d5 14. Rad1
c6 15. Ne2 Qa5 16. Bb3 Bg4 17. f3 Bc5 18. Nd4 Bc8 19. Kh1 Re8 20. f4 Bg4 21.
Rd2 Bb6 22. c3 Bf5 23. Qe2 Bxd4 24. cxd4 Re6 25. a3 Qb6 26. Qe3 Be4 27. Qc3 f5
28. Bd1 Qd8 29. Qe3 Qh4 30. h3 Rd8 31. Kh2 Qe7 32. g4 Rf8 33. g5 a5 34. Qc3 b6
35. b4 1/2-1/2

[Event "3MCR_4D_1L_1S"]
[Site "?"]
[Date "1999.??.??"]
[Round "1"]
[White "Smalcl, Frantisek"]
[Black "Lexa, Vaclav"]
[Result "1-0"]
[WhiteElo "2490"]
[BlackElo "2365"]
[PlyCount "89"]
[EventDate "1999.??.??"]
[EventType "corr"]

1. d4 Nf6 2. c4 g6 3. Nc3 Bg7 4. e4 d6 5. Nf3 O-O 6. Be2 e5 7. O-O exd4 8. Nxd4
Re8 9. f3 Nc6 10. Be3 Nh5 11. Qd2 Nf4 12. Rfd1 Nxd4 13. Bxd4 Qg5 14. Bf1 Bxd4+
15. Qxd4 Be6 16. g3 Re7 17. c5 Rd7 18. Qf2 Nh5 19. cxd6 Rxd6 20. Rxd6 cxd6 21.
Rd1 Qc5 22. Rd4 Nf6 23. Qd2 Rd8 24. h3 a6 25. Kh2 Rd7 26. b4 Qc7 27. a4 Qc6 28.
b5 Qb6 29. f4 a5 30. f5 Bb3 31. e5 Ne8 32. fxg6 fxg6 33. Ne4 d5 34. Bg2 Re7 35.
Qb2 Bc4 36. Nd2 Qc7 37. Nxc4 dxc4 38. Bd5+ Kg7 39. Rxc4 Qxe5 40. Qxe5+ Rxe5 41.
Bxb7 Re2+ 42. Bg2 Rb2 43. Rc6 Rb4 44. Ra6 Rxa4 45. b6 1-0

[Event "3MCR_4D_1L_1S"]
[Site "?"]
[Date "1999.??.??"]
[Round "1"]
[White "Vagenknecht, Ludek"]
[Black "Lexa, Vaclav"]
[Result "0-1"]
[WhiteElo "2235"]
[BlackElo "2365"]
[PlyCount "84"]
[EventDate "1999.??.??"]
[EventType "corr"]

1. e4 c5 2. Nf3 d6 3. d4 cxd4 4. Nxd4 Nf6 5. Nc3 a6 6. Bc4 e6 7. Bb3 b5 8. O-O
Be7 9. Qf3 Qb6 10. Be3 Qb7 11. Qg3 O-O 12. Bh6 Ne8 13. Rfe1 Bd7 14. Rad1 Kh8
15. Bg5 Nc6 16. Nxc6 Bxc6 17. Bxe7 Qxe7 18. Rd4 a5 19. a3 Qa7 20. Qe3 Qc5 21.
Qd2 Rb8 22. Re3 a4 23. Ba2 b4 24. Nd1 bxa3 25. bxa3 Qb6 26. f3 Nf6 27. Rb4 Qa7
28. Kh1 d5 29. e5 Nd7 30. c3 Qc7 31. Qd4 Rfc8 32. f4 Bb5 33. Bb1 Bc4 34. f5 Bb3
35. f6 Rxb4 36. fxg7+ Kxg7 37. Qxb4 Qc4 38. Qxc4 Rxc4 39. Nb2 Rc7 40. Rg3+ Kf8
41. Bxh7 d4 42. c4 Nxe5 0-1

[Event "3MCR_4D_1L_1S"]
[Site "?"]
[Date "1999.??.??"]
[Round "1"]
[White "Chytilek, Roman"]
[Black "Vagenknecht, Ludek"]
[Result "1-0"]
[WhiteElo "2275"]
[BlackElo "2235"]
[PlyCount "69"]
[EventDate "1999.??.??"]
[EventType "corr"]

1. Nf3 d5 2. c4 d4 3. g3 c5 4. b4 cxb4 5. a3 bxa3 6. Bxa3 Nc6 7. d3 e5 8. Bxf8
Kxf8 9. Bg2 g6 10. O-O Kg7 11. Nbd2 Nge7 12. Qb3 Qc7 13. Rfb1 Rb8 14. Qa3 b6
15. Rb5 f6 16. Ne4 Be6 17. Qd6 Qxd6 18. Nxd6 Rhd8 19. Ne4 Rbc8 20. Ne1 Rc7 21.
Nc2 Nc8 22. Rb2 h6 23. Na3 a6 24. Nc2 Nb8 25. f4 exf4 26. gxf4 a5 27. c5 f5 28.
cxb6 Rxc2 29. Rxc2 fxe4 30. Rc7+ Kf6 31. b7 Nb6 32. dxe4 Bg4 33. e5+ Ke6 34.
Rxa5 h5 35. Ra8 1-0